| 000 | 00806cam a2200205 4500 | ||
|---|---|---|---|
| 001 | ABS61763 | ||
| 008 | 000000n2000 000 0 eng u | ||
| 035 | _a(Sirsi) u103736 | ||
| 100 | _aKlein, R. | ||
| 245 | 2 | _aA certifiable nuisance | |
| 260 | _c2000 | ||
| 490 |
_aBuilding _v265(8118) 7 January 2000, 48-49(2) |
||
| 520 | _aDiscusses the DETR consultation paper "Taking Forward Self-Certification Under the Building Regulations". Warns that it could make businesses vulnerable to court action and introduce a time-consuming process of approval to self-certify compliance with the building regulations. | ||
| 590 | _aABS | ||
| 650 |
_aBUILDING REGULATIONS _96224 |
||
| 650 | _aSELF-CERTIFICATION | ||
| 650 | _aTRADE ASSOCIATIONS | ||
| 690 | _aBUILT ENVIRONMENT-BUILDING STANDARDS | ||
| 942 | _n0 | ||
| 999 |
_c62303 _d62303 |
||